Night shift daddy / (Record no. 7770)
[ view plain ]
| 000 -LEADER | |
|---|---|
| fixed length control field | 00999nam a22003017a 4500 |
| 001 - CONTROL NUMBER | |
| control field | 7770 |
| 003 - CONTROL NUMBER IDENTIFIER | |
| control field | FISKH |
| 005 - DATE AND TIME OF LATEST TRANSACTION | |
| control field | 20250805143130.0 |
| 008 - FIXED-LENGTH DATA ELEMENTS--GENERAL INFORMATION | |
| fixed length control field | 250805b cb ||||| |||| 00| 0 eng d |
| 020 ## - INTERNATIONAL STANDARD BOOK NUMBER | |
| International Standard Book Number | 0439221382 |
| 040 ## - CATALOGING SOURCE | |
| Original cataloging agency | FISKH |
| Language of cataloging | eng |
| Transcribing agency | FISKH |
| Modifying agency | FISKH |
| 050 ## - LIBRARY OF CONGRESS CALL NUMBER | |
| Classification number | PZ8.S759 N |
| 082 ## - DEWEY DECIMAL CLASSIFICATION NUMBER | |
| Classification number | 326 |
| 100 ## - MAIN ENTRY--PERSONAL NAME | |
| Personal name | Spinelli, Eileen |
| 245 ## - TITLE STATEMENT | |
| Title | Night shift daddy / |
| Statement of responsibility, etc. | By Eileen Spinelli and Melissa Iwai |
| 250 ## - EDITION STATEMENT | |
| Edition statement | First scholastic printing, April 2001 |
| 260 ## - PUBLICATION, DISTRIBUTION, ETC. | |
| Place of publication, distribution, etc. | New York : |
| Name of publisher, distributor, etc. | Scholastic , |
| Date of publication, distribution, etc. | 2000. |
| 300 ## - PHYSICAL DESCRIPTION | |
| Extent | 32 unnumbered pages : |
| Other physical details | color illustrations ; |
| Dimensions | 21 X 21 cm . |
| 505 ## - FORMATTED CONTENTS NOTE | |
| Formatted contents note | E <br/> |
| 520 ## - SUMMARY, ETC. | |
| Summary, etc. | A father shares dinner and bedtime rituals with his daughter before going out to work the night shift. |
| 521 8# - TARGET AUDIENCE NOTE | |
| Target audience note | 200 <br/> |
| Source | Lexile estimate <br/> |
| 521 8# - TARGET AUDIENCE NOTE | |
| Target audience note | E <br/> |
| Source | Raz-Plus <br/> |
| 650 ## - SUBJECT ADDED ENTRY--TOPICAL TERM | |
| Topical term or geographic name entry element | Bibliotherapy |
| Form subdivision | Juvenile Literature |
| 650 ## - SUBJECT ADDED ENTRY--TOPICAL TERM | |
| Topical term or geographic name entry element | Personality Development |
| Form subdivision | Juvenile Literature |
| 700 ## - ADDED ENTRY--PERSONAL NAME | |
| Personal name | Iwai, Melissa |
| Relator term | Illustrator |
| 942 ## - ADDED ENTRY ELEMENTS (KOHA) | |
| Source of classification or shelving scheme | Dewey Decimal Classification |
| Koha item type | Books |
| Suppress in OPAC | No |
| Withdrawn status | Lost status | Source of classification or shelving scheme | Damaged status | Not for loan | Collection | Home library | Current library | Shelving location | Date acquired | Total Checkouts | Full call number | Barcode | Date last seen | Price effective from | Koha item type |
|---|---|---|---|---|---|---|---|---|---|---|---|---|---|---|---|
| Dewey Decimal Classification | Juvenile Fiction | Footprints International School Library Network Toul Tom Poung Campus | Footprints International School Library Network Toul Tom Poung Campus | TTP Primary Green Bookshelves | 08/05/2025 | SPI 326 PZ8.S759 N | FISTK02387 | 08/05/2025 | 08/05/2025 | Books |
